000 00506nam a2200181Ia 4500
003 GCL
008 140319s9999 xx 000 0 ara d
040 _aGCL /
_cGCL
082 0 4 _a823
_bم م
100 1 _aميشال زيفاكو
245 1 0 _aالمؤامرة الكبرى /
_cميشال زيفاكو
260 _a[S.N] :
_bالمكتبة الثقافية
300 _a93 ص
490 _a
650 0 4 _aالقصص الانجليزية المترجمة
650 0 4 _aالقصص
942 _2ddc
_cBK
999 _c39500
_d39500